Normal view
MARC view
- East and West
Entry Topical Term
001 - CONTROL NUMBER
- control field: 37081
003 - CONTROL NUMBER IDENTIFIER
- control field: OSt
005 - DATE AND TIME OF LATEST TRANSACTION
- control field: 20150111112607.0
008 - FIXED-LENGTH DATA ELEMENTS
- fixed length control field: 150111|| aca||babn | a|a d
040 ## - CATALOGING SOURCE
- Original cataloging agency: OSt
150 ## - HEADING--TOPICAL TERM
- Topical term or geographic name as entry element: East and West
450 ## - SEE FROM TRACING--TOPICAL TERM
- Topical term or geographic name entry element: Civilization, Western
- General subdivision: Asian influences
450 ## - SEE FROM TRACING--TOPICAL TERM
- Topical term or geographic name entry element: Civilization, Western
- General subdivision: Oriental influences
450 ## - SEE FROM TRACING--TOPICAL TERM
- Topical term or geographic name entry element: Civilization, Oriental
- General subdivision: Western influences
450 ## - SEE FROM TRACING--TOPICAL TERM
- Topical term or geographic name entry element: Occident and Orient
450 ## - SEE FROM TRACING--TOPICAL TERM
- Topical term or geographic name entry element: Orient and Occident
450 ## - SEE FROM TRACING--TOPICAL TERM
- Topical term or geographic name entry element: West and East
451 ## - SEE FROM TRACING--GEOGRAPHIC NAME
- Geographic name: Asia
- General subdivision: Civilization
- General subdivision: Western influences
451 ## - SEE FROM TRACING--GEOGRAPHIC NAME
- Geographic name: Asia and Western countries
451 ## - SEE FROM TRACING--GEOGRAPHIC NAME
- Geographic name: Western countries and Asia
550 ## - SEE ALSO FROM TRACING--TOPICAL TERM
- Topical term or geographic name entry element: Eastern question